000
00297nam a2200133Ia 4500
005
20260326235445.0
008
260326s9999||||xx |||||||||||||| ||und||
100
_a
Bueno, Patricia
245
0
_a
Sillas /
_c
Patricia Bueno
260
_b
Atrium
300
_a
319 p.
650
_a
MUEBLES
942
_c
BK
999
_c
7559
_d
7559